000 00665nam a22002417a 4500
001 53030
003 UA-OsUOA
005 20230913112322.0
007 ta
008 20080312b un ||||| |||| 00| 0 ukr d
020 _a978-5-94723-732-0
040 _aUA-OsUOA
_brus
_cUA-OsUOA
_dUA-OsUOA
041 _arus
080 _a159.91
090 _a159.91
_bП89
245 _aПсихофизиология
_cАлександрова Ю. И.
260 _aСПб
_bПитер
_c2007
300 _a464 с.
650 7 _a159.9 Психологія
_2UDC
942 _cBK
_2udc
955 _a2
999 _c339117
_d339117